书目信息 |
| 题名: |
计算机文化基础教程
|
|
| 作者: | 柴欣 , 于明 主编 | |
| 分册: | ||
| 出版信息: | 北京 海洋出版社 1999.07 |
|
| 页数: | 315页 | |
| 开本: | 26cm | |
| 丛书名: | 计算机基础教育丛书 | |
| 单 册: | ||
| 中图分类: | TP3-43 | |
| 科图分类: | ||
| 主题词: | 计算技术 , 电子计算机 | |
| 电子资源: | ||
| ISBN: | 7-5027-4816-4 | |
| 000 | 00752nam0 2200253 450 | |
| 001 | 0848872502 | |
| 005 | 20080105133458.93 | |
| 010 | @a7-5027-4816-4@dCNY23.00 | |
| 100 | @a20080105d1999 km y0chiy0120 ea | |
| 101 | 0 | @achi |
| 102 | @aCN@b110000 | |
| 200 | 1 | @a计算机文化基础教程@Aji suan ji wen hua ji chu jiao cheng@f柴欣,于明主编@Fchai xin,yu ming zhu bian |
| 210 | @a北京@c海洋出版社@d1999.07 | |
| 215 | @a315页@d26cm | |
| 225 | 2 | @a计算机基础教育丛书 |
| 410 | 0 | @12001 @a计算机基础教育丛书 |
| 606 | 0 | @a计算技术 |
| 606 | 0 | @a电子计算机 |
| 690 | @aTP3-43@v4 | |
| 701 | 0 | @a柴欣@Achai xin@4主编 |
| 701 | 0 | @a于明@Ayu ming@4主编 |
| 801 | 0 | @aCN@b大连网信软件有限公司图书馆@c20080105 |
| 905 | @aBZT@dTP3-43@e10 | |
| 906 | @dCNY23.00@n0@r1 | |
| 计算机文化基础教程/柴欣,于明主编.-北京:海洋出版社,1999.07 |
| 315页;26cm.-(计算机基础教育丛书) |
| ISBN 7-5027-4816-4:CNY23.00 |
| ● |
| 相关链接 |
|
|
|
正题名:计算机文化基础教程
索取号:TP3-43/10
 
预约/预借
| 序号 | 登录号 | 条形码 | 馆藏地/架位号 | 状态 | 备注 |
| 1 | 619955 | 2000619955 | 中心书库中库/ 中库028架B面6列3层13/ [索取号:TP3-43/10] | 在馆 | |
| 2 | 619956 | 2000619956 | 中心书库中库/ 中库028架B面6列3层14/ [索取号:TP3-43/10] | 在馆 | |
| 3 | 619957 | 2000619957 | 中心书库中库/ 中库028架B面6列3层12/ [索取号:TP3-43/10] | 在馆 | |
| 4 | 619958 | 2000619958 | 中心书库中库/ 中库028架B面6列3层10/ [索取号:TP3-43/10] | 在馆 | |
| 5 | 619959 | 2000619959 | 中心书库中库/ 中库028架B面6列3层7/ [索取号:TP3-43/10] | 在馆 | |
| 6 | 619960 | 2000619960 | 中心书库中库/ 中库028架B面6列3层5/ [索取号:TP3-43/10] | 在馆 | |
| 7 | 619961 | 2000619961 | 中心书库中库/ 中库028架B面6列3层9/ [索取号:TP3-43/10] | 在馆 | |
| 8 | 619962 | 2000619962 | 中心书库中库/ 中库028架B面6列3层11/ [索取号:TP3-43/10] | 在馆 | |
| 9 | 619963 | 2000619963 | 中心书库中库/ 中库028架B面6列3层6/ [索取号:TP3-43/10] | 在馆 | |
| 10 | 619964 | 2000619964 | 中心书库中库/ 中库028架B面6列3层8/ [索取号:TP3-43/10] | 在馆 |